Statistics for Books to Authors #10

Click here to take the quiz!

General Stats

  • This quiz has been taken 125 times
  • The average score is 7 of 14

Answer Stats

BookAuthor% Correct
The Grapes of WrathJohn Steinbeck
95%
Charlie and the Chocolate FactoryRoald Dahl
95%
The Divine ComedyDante Alighieri
92%
Winnie-the-PoohA.A.Milne
82%
The GodfatherMario Puzo
80%
Leaves of GrassWalt Whitman
49%
The Girl Who Played With FireStieg Larsson
46%
The Sound and the FuryWilliam Faulkner
44%
The Woman in WhiteWilkie Collins
38%
Out of AfricaIsak Dinesen
31%
Ethan FromeEdith Wharton
30%
The Sorrows of Young WertherJohann Wolfgang von Goethe
22%
The Hundred Secret SensesAmy Tan
8%
The Postman Always Rings TwiceJames M.Cain
8%

Score Distribution

Percentile by Number Answered

Percent of People with Each Score

Your Score History

You have not taken this quiz